| 000 | 00653nam a2200229Ia 4500 | ||
|---|---|---|---|
| 003 | 0100 | ||
| 005 | 20140206171931.0 | ||
| 008 | 130303s9999 xx 000 0 und d | ||
| 020 | _a1910345015 | ||
| 040 | _cARRUPELIB | ||
| 050 | _aBR305.2..R391982v.3 | ||
| 245 | _aReformation Europe | ||
| 245 | _ba guide to research | ||
| 260 | _aSt. Louis | ||
| 260 | _bCentre for Reformation Research | ||
| 300 | _a2v. | ||
| 300 | _b 22 cm. | ||
| 440 |
_aReformation guides to reseaerch, v. 3. _98434 |
||
| 650 |
_aReformation--Bibliography Counter-Reformation--Bibliography _98435 |
||
| 700 |
_aedited by Steven Ozment _98436 |
||
| 942 |
_2lcc _cMONOGRAPH |
||
| 999 |
_c7618 _d7618 |
||